Statistics for Melbourne Tram Routes

Click here to take the quiz!

General Stats

  • This quiz has been taken 30 times
  • The average score is 48 of 72

Answers on the Map

Answers color-coded by a green-red scale on the quiz's map according to % correct below.
 

Answer Stats

HintRoute Number% Correct
1
96%
3/3a
96%
5
96%
6
96%
11
91%
12
91%
16
91%
35
91%
67
91%
70
91%
72
91%
75
91%
109
87%
19
87%
30
87%
48
87%
58
87%
59
87%
64
87%
82
87%
86
87%
96
87%
57
83%
78
83%

Melbourne University
74%

Melbourne University
74%
Box Hill
70%
Bundoora RMIT
70%
Melbourne University
70%
Port Melbourne
70%
Waterfront City Docklands
70%

Kew
65%
Melbourne University
65%
Melbourne University
65%

South Melbourne Beach
65%
Waterfront City Docklands
65%
Airport West
61%

East Coburg
61%
Flinders Street Station
61%

Melbourne University
61%
St Kilda Beach
61%
Vermont South
61%
Camberwell
57%
East Brunswick
57%

East Malvern
57%

Flinders Street Station
57%
Footscray
57%

Moreland
57%
Wattle Park
57%
Carnegie
52%
East Brighton
52%
Flinders Street Station
52%

Glen Iris
52%

Malvern
52%
Moonee Ponds
52%

North Balwyn
52%
North Richmond
52%

Victoria Harbour Docklands
52%

Waterfront City Docklands / City Circle
52%

St Kilda
48%

St Vincent's Plaza
48%
Toorak
48%

Victoria Gardens
48%

Waterfront City Docklands / City Circle
48%

North Coburg
43%

Victoria Harbour Docklands
43%
West Coburg
43%

West Preston
43%
Balaclava
39%
West Maribyrnong
35%
Etihad Stadium Docklands
22%

Etihad Stadium Docklands
17%

Score Distribution

Percentile by Number Answered

Percent of People with Each Score

Your Score History

You have not taken this quiz